[Event "Lleida-ch (Women)"]
[Site "Lleida"]
[Date "2012.??.??"]
[Round "3"]
[White "Carnice Gatius, Elisa Justa"]
[Black "Frances Balaguero, Judit"]
[Result "1-0"]
[WhiteElo "1700"]
[BlackElo "1700"]
[PlyCount "85"]
[EventDate "2012.10.06"]
[EventType "tourn"]
[EventRounds "5"]
[EventCountry "ESP"]
[SourceTitle "EXT 2024"]
[Source "ChessBase"]
[SourceDate "2023.10.10"]
[SourceVersion "1"]
[SourceVersionDate "2023.10.10"]
[SourceQuality "1"]

1. e4 e5 2. Nf3 Nc6 3. Nc3 Bc5 4. Bc4 Nf6 5. 0-0 0-0 6. d3 d6 7. Bg5 Qe8 8. a3 a5 9. Nb5 Qe7 10. Bd5 Nd4 11. c4 c6 12. b4 cxd5 13. bxc5 dxc4 14. Nxd6 cxd3 15. Qxd3 Ne6 16. Bxf6 Qxf6 17. Nf5 Nf4 18. Qd6 Be6 19. Qxe5 Ne2+ 20. Kh1 Qg6 21. Ne7+ Kh8 22. Nxg6+ hxg6 23. Ng5 f6 24. Qxe6 Rac8 25. Nf7+ Kh7 26. Rfe1 Nf4 27. Qg4 Rxc5 28. Qxf4 Rxf7 29. Qh4+ Kg8 30. Red1 Rf8 31. Rd5 Rc2 32. g3 a4 33. Rad1 Rcc8 34. Qg4 g5 35. Qe6+ Kh7 36. Rd7 Rce8 37. Re7 Rb8 38. e5 Kg6 39. h4 b5 40. g4 Kh6 41. h5 b4 42. Qf5 bxa3 43. Qg6# 1-0